| 000 | 00818nam a2200253Ia 4500 | ||
|---|---|---|---|
| 003 | OSt | ||
| 005 | 20220926005948.0 | ||
| 006 | a|||||r|||| 00| 0 | ||
| 007 | ta | ||
| 008 | 220923b |||||||| |||| 00| 0 eng d | ||
| 020 |
_a9788188789832 _c425 |
||
| 037 |
_b893, 18/03/2013, Pranami Book Service _cGeneral Book |
||
| 040 |
_aRTL _cRTL _beng |
||
| 041 |
_2eng _aeng |
||
| 082 | _aY9(L:4:6), Q3 | ||
| 100 |
_aVARMA Daya Ram _9311509 |
||
| 245 | 0 |
_aReason and medicine _b Art and science of healing from antiquity to modern times. |
|
| 260 |
_a New Delhi _bThree Essays _c2013 |
||
| 300 |
_axi, 354p _ccm. |
||
| 500 | _aAppendix: p 335-342 | ||
| 650 | _aSociology | ||
| 942 |
_hY9(L:4:6), Q3 _cGB _2CC |
||
| 999 |
_c615922 _d615922 |
||